Dejiny Košického biskupstva latinského obradu v rokoch 1918-1939

Bibliographic Details
Main Author: Andrej, Ján (Author)
Format: Book
Language:Slovak
PhysicalDescription:174 s. 24 cm
Published: Prešov Petra 1999
ISBN:8096797557
Subjects:

MARC

LEADER 00000cam a2200000 a 4500
001 vtls001380885
003 SK-MaSNL
005 20260301161357.0
008 240313s1999 xo a r 000 0 slo
015 |a SNBA2000/04-01121 
020 |a 8096797557 
035 |a SNK000334887 
035 |a urn:nbn:sk:snk-amk4ow 
035 |a urn:nbn:sk:snk-am005862 
035 |a F774CF01-BDF3-4174-B6D0-66D7DFCEDC68 
040 |a SNK  |b slo  |c SNK  |e AACR2 
041 0 |a slo 
044 |a xo  |c SK 
080 |a 262.2:282(437.671)"1918/1939"  |2 1981 
080 |a 282  |2 1981 
100 1 |a Andrej, Ján  |4 aut  |9 460648 
245 1 0 |a Dejiny Košického biskupstva latinského obradu v rokoch 1918-1939  |c Ján Andrej 
260 |a Prešov  |b Petra  |c 1999 
300 |a 174 s.  |c 24 cm 
504 |a Skrat. Bibliogr. s. 165-169. Pozn. 
610 2 7 |a Rímskokatolícka cirkev.  |b Košická arcidiecéza  |2 SNK  |9 32396 
655 7 |a monografie  |2 SNK  |9 70139 
919 |a 80-967975-5-7 
958 |a OND 
958 |a TL 
958 |a NB 
958 |a NT 
999 |c 809198  |d 811128 
952 |t P60, <03>, [BOOK], {603}  |a SNK  |b SNK  |y PREZ  |7 0  |p 17A0224570  |o snkSC 100551  |i snkKSP 553/2000  |0 0  |1 0  |4 0  |d 2000-01-17  |f 1  |l 0  |r 2025-09-19 00:00:00  |w 2026-02-24 
952 |t P60, <04>, [BOOK], {604}  |a SNK  |b SNK  |y VYP  |7 0  |p 17A0224571  |o snkSC 100551 D1  |i snkKSP 554/2000  |0 0  |1 0  |4 0  |d 2000-01-17  |l 0  |r 2005-01-02 00:00:00  |w 2026-02-24